[Event "4th ch-EU"]
[Site "Liverpool ENG"]
[Date "2008.09.15"]
[Round "7"]
[White "Wilson,A"]
[Black "Vaznonis,V"]
[Result "1-0"]
[WhiteElo "2059"]
[BlackElo "2407"]
[EventDate "2008.09.09"]

1. e4 e6 2. d4 d5 3. e5 c5 4. c3 Qb6 5. Bd3 Bd7 6. Bc2 Bb5 7. a4 Ba6 8. a5
Qc7 9. Ba4+ Nc6 10. Bd2 Nge7 11. Na3 Nf5 12. Nf3 Qxa5 13. g4 Nh6 14. dxc5
Nxg4 15. b4 Qc7 16. b5 Bxc5 17. bxa6 Nxf2 18. axb7 Rb8 19. Qe2 O-O 20. Rf1
Ne4 21. Bc2 Nxe5 22. Bxe4 dxe4 23. Nxe5 Qxe5 24. Nc4 Qd5 25. Bf4 e5 26.
Bxe5 Rxb7 27. Rd1 Qe6 28. Bd6 Bxd6 29. Nxd6 Rb6 30. Nxf7 Qe7 31. Qc4 Qh4+
32. Ke2 Qxh2+ 33. Ke3 Qh3+ 34. Kd4 Rc8 35. Nh6+ Kh8 36. Qg8+ 1-0

[Event "4th ch-EU"]
[Site "Liverpool ENG"]
[Date "2008.09.15"]
[Round "7"]
[White "Paulet,I"]
[Black "Cafolla,P"]
[Result "1-0"]
[WhiteElo "2275"]
[BlackElo "2055"]
[EventDate "2008.09.09"]

1. Nf3 d5 2. d4 Nf6 3. Bg5 g6 4. Bxf6 exf6 5. e3 Bg7 6. g3 O-O 7. Bg2 Nd7
8. O-O c6 9. b3 Qa5 10. c4 dxc4 11. bxc4 Qh5 12. Nc3 Nb6 13. c5 Nd5 14.
Nxd5 Qxd5 15. Qa4 f5 16. Rab1 Qe6 17. Nd2 Bf6 18. Nc4 Be7 19. Na5 b5 20.
Qb3 Qxb3 21. axb3 Bd8 22. Nxc6 Bb7 23. Ne7+ Bxe7 24. Bxb7 Rab8 25. Ba6 Rfd8
26. Ra1 Rd7 27. Ra5 b4 28. Rfa1 Bd8 29. Rb5 Rxb5 30. Bxb5 Rc7 31. Ba6 Re7
32. Ra4 Re6 33. Bc4 a5 34. Bxe6 fxe6 35. Kf1 Kf8 36. Ke2 Ke8 37. Kd3 Kd7
38. Kc4 Kc6 39. f3 1-0

[Event "4th ch-EU"]
[Site "Liverpool ENG"]
[Date "2008.09.15"]
[Round "7"]
[White "Campbell,I"]
[Black "Czaja,W"]
[Result "1/2-1/2"]
[WhiteElo "2031"]
[BlackElo "2103"]
[EventDate "2008.09.09"]

1. Nf3 d6 2. d4 Nf6 3. e3 g6 4. c4 Bg7 5. Nc3 O-O 6. Be2 c5 7. O-O Bd7 8.
Qc2 Na6 9. d5 Nc7 10. Rd1 Rb8 11. Rb1 b5 12. cxb5 Nxb5 13. Nxb5 Bxb5 14.
Bxb5 Rxb5 15. b3 Qc7 16. Bb2 Rc8 17. Bxf6 Bxf6 18. Nd2 a5 19. Nc4 Ra8 20.
g3 Rb7 21. Rd3 a4 22. bxa4 Rxb1+ 23. Qxb1 Rxa4 24. Qb3 Qa7 25. Rd2 Rb4 26.
Qc3 Qa4 27. Rc2 Kf8 28. Kg2 Kg7 29. h3 1/2-1/2

[Event "4th ch-EU"]
[Site "Liverpool ENG"]
[Date "2008.09.15"]
[Round "7"]
[White "Roy,Ali"]
[Black "Van Kemenade,R"]
[Result "1/2-1/2"]
[WhiteElo "1693"]
[BlackElo "1971"]
[EventDate "2008.09.09"]

1. e4 e5 2. Nf3 Nf6 3. Nxe5 d6 4. Nf3 Nxe4 5. Nc3 Nf6 6. d4 Be7 7. Bf4 c6
8. Qd2 Be6 9. Bd3 Nbd7 10. O-O-O Qa5 11. a3 h6 12. h3 b5 13. Ne4 Qxd2+ 14.
Nfxd2 d5 15. Nxf6+ Bxf6 16. Be3 Nb6 17. f4 Nc4 18. Bf2 O-O 19. g4 Rfe8 20.
f5 Bd7 21. Rhe1 Nxd2 22. Rxe8+ Rxe8 23. Kxd2 Bg5+ 24. Kc3 Be3 25. Bg3 a5
26. Bf1 Bg5 27. Re1 Rxe1 28. Bxe1 Kf8 29. Kd3 Bc1 30. Bc3 h5 31. Be2 hxg4
32. hxg4 Ke7 33. Bf3 Kf6 34. Bxa5 Kg5 35. Bd2+ Bxd2 36. Kxd2 g6 37. fxg6
fxg6 38. b3 Kf4 39. Ke2 g5 40. Kf2 Bc8 41. a4 Ba6 42. a5 Bc8 43. b4 Ba6
1/2-1/2

[Event "4th ch-EU"]
[Site "Liverpool ENG"]
[Date "2008.09.16"]
[Round "8"]
[White "L'Ami,E"]
[Black "Laznicka,V"]
[Result "1/2-1/2"]
[WhiteElo "2610"]
[BlackElo "2601"]
[EventDate "2008.09.09"]

1. d4 d5 2. c4 c6 3. Nf3 Nf6 4. Nc3 a6 5. e3 b5 6. b3 Bg4 7. h3 Bxf3 8.
Qxf3 e6 9. Bd2 Bb4 10. Bd3 Qa5 11. Rc1 Bxc3 12. Bxc3 Qxa2 13. Qd1 dxc4 14.
bxc4 bxc4 15. Ra1 Qb3 16. Qxb3 cxb3 17. Ke2 Nbd7 18. Rhb1 c5 19. Rxa6 Rxa6
20. Bxa6 O-O 21. Rxb3 Rb8 22. Rxb8+ Nxb8 23. Bd3 cxd4 24. Bxd4 Nc6 25. Bb2
h6 26. g4 Nd5 27. f4 Nce7 28. Kf3 f5 29. e4 fxe4+ 30. Bxe4 Kf7 31. f5 exf5
32. gxf5 Nf6 33. Bc2 g6 34. fxg6+ Nxg6 35. Bb3+ Kg7 36. Kg3 Ne7 37. Kf4 Kg6
38. Ke5 Ned5 39. Bc2+ Kf7 40. Bb3 Kg6 41. Bc1 Nb4 42. Be3 Nc6+ 43. Kd6 Nd8
44. Bc2+ Kg7 45. Bd4 Kf7 46. Bb6 Ne6 47. Bb3 Ne4+ 48. Kd7 Nf6+ 49. Kd6 Ne4+
50. Ke5 N4g5 51. h4 Nf3+ 52. Kd6 Nxh4 53. Bxe6+ Kg6 54. Bf2 Nf5+ 55. Ke5
Ng7 56. Bb3 Nh5 57. Bc2+ Kf7 58. Be3 Ng7 59. Bxh6 Nh5 60. Bc1 Ng7 61. Bb2
Ne8 62. Bb3+ Kg6 63. Ke6 Ng7+ 64. Ke7 Nf5+ 65. Kf8 Kg5 66. Kf7 Kf4 67. Kf6
Ne3 68. Bc1 Kf3 69. Ba4 Ng2 70. Bc6+ Kf2 71. Ba3 Kg3 72. Kg5 Kf2 73. Bd6
Ne1 74. Kg4 Nd3 75. Be4 Ke3 76. Kf5 Kd4 77. Bxd3 1/2-1/2

[Event "4th ch-EU"]
[Site "Liverpool ENG"]
[Date "2008.09.16"]
[Round "8"]
[White "Berg,E"]
[Black "Haslinger,S"]
[Result "1/2-1/2"]
[WhiteElo "2592"]
[BlackElo "2511"]
[EventDate "2008.09.09"]

1. e4 e5 2. Nf3 d6 3. d4 exd4 4. Nxd4 Nf6 5. Nc3 Be7 6. Be2 O-O 7. O-O Re8
8. Re1 Bf8 9. Bf1 Nbd7 10. Bf4 Ne5 11. Bg3 c6 12. Kh1 Nh5 13. Bxe5 dxe5 14.
Nf5 g6 15. Qxd8 Rxd8 16. Ne3 Rd4 17. Bc4 Bh6 18. Bb3 Kf8 19. Nc4 f6 20. Ne2
Rd8 21. Red1 Ke7 22. Rxd8 Kxd8 23. Nd6 Kc7 24. Nxc8 Rxc8 25. Rd1 Rd8 26.
Rxd8 Kxd8 27. g3 Ke7 28. Bg8 Kf8 29. Be6 Ke7 30. Bg8 Kf8 31. Be6 1/2-1/2

[Event "4th ch-EU"]
[Site "Liverpool ENG"]
[Date "2008.09.16"]
[Round "8"]
[White "Langrock,H"]
[Black "Dgebuadze,A"]
[Result "1/2-1/2"]
[WhiteElo "2398"]
[BlackElo "2562"]
[EventDate "2008.09.09"]

1. e4 e6 2. d4 d5 3. Nc3 Bb4 4. exd5 exd5 5. Bd3 Nf6 6. Bg5 Nc6 7. Nge2 Bg4
8. f3 Be6 9. O-O h6 10. Bh4 a6 11. f4 Be7 12. f5 Bc8 13. Nf4 Nxd4 14. Bxf6
Bxf6 15. Qe1+ Kf8 16. Nfxd5 Bd7 17. Rd1 1/2-1/2

[Event "4th ch-EU"]
[Site "Liverpool ENG"]
[Date "2008.09.16"]
[Round "8"]
[White "Sulskis,S"]
[Black "Sebenik,M"]
[Result "1-0"]
[WhiteElo "2562"]
[BlackElo "2485"]
[EventDate "2008.09.09"]

1. e4 e6 2. d4 d5 3. Nc3 Bb4 4. e5 c5 5. a3 Bxc3+ 6. bxc3 Nc6 7. Qg4 g6 8.
a4 Bd7 9. Nf3 Qa5 10. Bd2 O-O-O 11. Bb5 f5 12. Qh4 Rf8 13. c4 Qd8 14. Qxd8+
Nxd8 15. dxc5 dxc4 16. O-O Bc6 17. Bxc4 Bxf3 18. gxf3 f4 19. a5 a6 20. c6
Nxc6 21. Bxe6+ Kc7 22. Ra4 g5 23. Rc4 Re8 24. Bf7 Rd8 25. Bb4 Nh6 26. Bd6+
Kd7 27. Bd5 Nf5 28. Rd1 Rc8 29. Be4 Ke6 30. Bd5+ Kd7 31. Be4 Ke6 32. Rc5
Rhd8 33. c4 h6 34. Rcd5 Nfe7 35. Rb1 Rd7 36. Rb6 Nf5 37. Rd1 Nxd6 38. exd6
Nxa5 39. Bd5+ Kf6 40. Rd4 Rcd8 41. c5 Rc8 42. Re4 Rxc5 43. Re6+ Kg7 44. Be4
h5 45. Kg2 Nc6 46. Rg6+ Kf7 47. Rh6 h4 48. Bg6+ Kg8 49. Be8 Rd8 50. Rg6+
Kf8 51. d7 Rb8 52. Re6 Rb5 53. Bh5 Rxb6 54. Re8+ Kg7 55. Rxb8 Rb2 56. d8=Q
Nxd8 57. Rxd8 Rb5 58. Bg4 a5 59. Rd4 Kf6 60. Bd7 Rc5 61. Re4 Rd5 62. Bc8 b5
63. Re6+ Kf7 64. Rb6 Ke7 65. Bb7 Rc5 66. Be4 Kd7 67. Kf1 Kc7 68. Ra6 a4 69.
Ke2 Rc1 70. h3 Rh1 71. Rc6+ Kd7 72. Rc2 Kd6 73. Rc6+ Kd7 74. Ra6 Kc7 75.
Bd3 Rxh3 76. Bxb5 Rh1 77. Bxa4 h3 78. Rc6+ Kd8 79. Rd6+ Ke7 80. Rd7+ Kf6
81. Rh7 h2 82. Be8 Ke5 83. Rh6 Kd4 84. Kd2 Kc4 85. Rh5 Kb4 86. Bf7 Ka4 87.
Kc2 Kb4 88. Kd2 Ka4 89. Bg6 Kb3 90. Bd3 Kb2 91. Rh6 Kb3 92. Bc2+ Kc4 93.
Rh5 Kb4 94. Kd3 Kc5 95. Rxg5+ Kd6 96. Rh5 Ke6 97. Kd2 Kf6 98. Rh6+ Ke5 99.
Be4 Kd4 100. Rh5 Kc4 101. Bc2 1-0

[Event "4th ch-EU"]
[Site "Liverpool ENG"]
[Date "2008.09.16"]
[Round "8"]
[White "Miezis,N"]
[Black "Davies,Ni"]
[Result "1-0"]
[WhiteElo "2540"]
[BlackElo "2478"]
[EventDate "2008.09.09"]

1. c4 e5 2. Nc3 Bb4 3. g3 Bxc3 4. dxc3 d6 5. e4 Nc6 6. Bg2 Be6 7. Qe2 Qd7
8. h3 Nge7 9. Nf3 h6 10. b3 O-O 11. Ba3 a5 12. Rd1 Rfd8 13. Nd2 Na7 14. f4
f6 15. f5 Bf7 16. Nf1 b5 17. Ne3 bxc4 18. bxc4 Qa4 19. Bc1 Nac8 20. g4 Nb6
21. Bf1 g5 22. fxg6 Nxg6 23. Qf3 Nxc4 24. Nf5 Be6 25. Nxh6+ Kh7 26. g5 Qc2
27. Nf5 Kg8 28. gxf6 Kf8 29. Ng7 Bf7 30. Bh6 Rdb8 31. Ne6+ Kg8 32. Bxc4 Rb2
33. Rg1 Kh8 34. Bg7+ Kg8 35. Rxg6 1-0

[Event "4th ch-EU"]
[Site "Liverpool ENG"]
[Date "2008.09.16"]
[Round "8"]
[White "Hillarp Persson,T"]
[Black "D'Costa,L"]
[Result "0-1"]
[WhiteElo "2526"]
[BlackElo "2414"]
[EventDate "2008.09.09"]

1. e4 c5 2. Nf3 d6 3. d4 cxd4 4. Nxd4 Nf6 5. Nc3 Nc6 6. Bc4 e6 7. Be3 a6 8.
Qe2 Qc7 9. O-O-O Na5 10. Bd3 b5 11. g4 b4 12. Na4 Nd7 13. Nb3 Bb7 14. Kb1
Be7 15. g5 O-O 16. h4 d5 17. exd5 Bxd5 18. Rh3 Nc4 19. Bd4 e5 20. f4 exd4
21. Qxe7 Rfe8 22. Bxc4 Rxe7 23. Bxd5 Rae8 24. Nxd4 Qxf4 25. Rhh1 g6 26. b3
Ne5 27. Nb6 Rd8 28. Rhe1 Qg4 29. Nf3 Rde8 30. Nxe5 Rxe5 31. Rf1 Rf5 32. Rh1
Rf4 33. Bc4 Rxc4 34. bxc4 Re2 35. Rd3 Qe4 36. Rg1 Qc6 37. Nd5 Qxc4 38. Nf6+
Kg7 39. Rc1 Rxc2 40. Rxc2 Qxd3 41. Ne8+ Kf8 42. Nf6 Ke7 43. Nxh7 a5 44. Nf6
a4 45. Kc1 Qe3+ 46. Rd2 Qe1+ 47. Kc2 Qxh4 48. Re2+ Kd6 49. Kd3 Qh3+ 50. Re3
Qf1+ 51. Kd4 Qa1+ 52. Kc4 Qc1+ 53. Kd4 Qd2+ 54. Rd3 Qxa2 55. Ne4+ Kc6 0-1

[Event "4th ch-EU"]
[Site "Liverpool ENG"]
[Date "2008.09.16"]
[Round "8"]
[White "Baramidze,D"]
[Black "Ringoir,T"]
[Result "1/2-1/2"]
[WhiteElo "2593"]
[BlackElo "2321"]
[EventDate "2008.09.09"]

1. e4 c5 2. Nf3 d6 3. d4 cxd4 4. Nxd4 Nf6 5. Nc3 a6 6. Be3 e5 7. Nb3 Be6 8.
f4 exf4 9. Bxf4 Nc6 10. Qd2 d5 11. O-O-O Nxe4 12. Nxe4 dxe4 13. Qe3 Qf6 14.
Qxe4 Be7 15. Bd3 Nb4 16. Be5 Qg5+ 17. Kb1 Bd5 18. Qe1 Bxb3 19. axb3 Rd8 20.
h4 Qxg2 21. Rg1 Qc6 22. Bc4 Rxd1+ 23. Qxd1 Qc5 24. Bxg7 Rg8 25. Qf1 Qh5 26.
Qf4 Nc6 27. b4 Bxh4 28. Qe4+ Be7 29. c3 Rxg7 30. Rxg7 Qd1+ 31. Ka2 Qa4+
1/2-1/2

[Event "4th ch-EU"]
[Site "Liverpool ENG"]
[Date "2008.09.16"]
[Round "8"]
[White "Kotronias,V"]
[Black "Daly,C"]
[Result "1-0"]
[WhiteElo "2574"]
[BlackElo "2311"]
[EventDate "2008.09.09"]

1. e4 e6 2. d4 d5 3. Nd2 Nf6 4. e5 Nfd7 5. c3 c5 6. Bd3 Nc6 7. Ne2 a5 8.
O-O cxd4 9. cxd4 Nb6 10. f4 g6 11. Nf3 h5 12. Qe1 Be7 13. a3 Bd7 14. b3 Kf8
15. Bb2 a4 16. b4 Na7 17. Nc3 Qe8 18. Qe2 Rc8 19. Nd2 Kg7 20. g3 Rc7 21. h3
Qc8 22. Rac1 Rf8 23. Kg2 Rh8 24. Rc2 Qe8 25. Rfc1 Rc8 26. Kh2 Rf8 27. Kg1
Rh8 28. Kg2 Rh7 29. Nf3 Nc4 30. Nxd5 exd5 31. Bxc4 Rxc4 32. Rxc4 Bb5 33.
Nd2 Qd8 34. Kf2 dxc4 35. Nxc4 h4 36. g4 Qd5 37. Ne3 Qe4 38. Qf3 Qxf3+ 39.
Kxf3 Bd8 40. d5 Bb6 41. f5 gxf5 42. gxf5 Kf8 43. Ng4 Rh5 44. Ke4 Rg5 45.
Kf4 Rg8 46. Re1 Nc8 47. d6 Bd8 48. Bd4 Bg5+ 49. Kf3 Bc6+ 50. Kf2 Bf4 51.
Rd1 Rxg4 52. hxg4 Bg3+ 53. Ke3 Ke8 54. g5 h3 55. g6 fxg6 56. fxg6 Nxd6 57.
exd6 Bxd6 58. g7 Kf7 59. Rf1+ Kg8 60. Rf5 Be8 61. Rf6 Be7 62. Re6 Bg5+ 63.
Kf3 Bf7 64. Rd6 h2 65. Kg2 Kh7 66. Be5 Bc1 67. Rd3 Bb3 68. Rh3+ Kg6 69.
Rxb3 axb3 70. g8=Q Kf5 71. Qxb3 1-0

[Event "4th ch-EU"]
[Site "Liverpool ENG"]
[Date "2008.09.16"]
[Round "8"]
[White "Arkell,K"]
[Black "Logothetis,S"]
[Result "1/2-1/2"]
[WhiteElo "2506"]
[BlackElo "2318"]
[EventDate "2008.09.09"]

1. d4 Nf6 2. Nf3 d5 3. c4 e6 4. cxd5 exd5 5. Nc3 c6 6. Bg5 h6 7. Bh4 Bf5 8.
e3 Nbd7 9. Bd3 Bxd3 10. Qxd3 Bd6 11. O-O O-O 12. Rab1 a5 13. Qc2 Re8 14. a3
Qe7 15. Rfe1 Qe6 16. Bg3 Bxg3 17. hxg3 Ne4 18. Nxe4 Qxe4 19. Rec1 Qxc2 20.
Rxc2 Nb6 21. Ne5 f6 22. Nd3 Nc4 23. a4 Re7 24. Rc3 Kf7 25. b3 Nd6 26. b4
Ne4 27. Rc2 axb4 28. Rxb4 Ra7 29. Rcb2 Nd6 30. Rb1 h5 31. Nc5 g5 32. Kf1
Ne4 33. Nxe4 dxe4 34. Ke2 Kg6 35. Kd2 g4 36. Kc3 Rd7 37. Rc4 Rd5 38. Rb6
Rf5 39. Rb2 Rd5 40. Rcb4 Rd7 41. Kb3 Rd5 42. Ka3 Rda5 43. Rc2 Rd5 44. Rc5
Rf5 45. Rb2 b5 46. Rxc6 Rxa4+ 47. Kb3 Ra1 48. Rc5 Rg1 49. Rd2 Rb1+ 50. Kc3
b4+ 51. Kc2 Ra1 52. Kb3 Rb1+ 53. Kc4 b3 54. Rxf5 Kxf5 55. d5 b2 56. Kc3
Rc1+ 57. Kxb2 Rc7 58. d6 Rd7 59. Rd5+ Ke6 60. Rxh5 Rxd6 61. Kc2 Rd8 62. Rh1
f5 63. Rd1 Rxd1 64. Kxd1 Kd5 65. Kd2 Kc4 66. Kc2 Kb4 67. Kb2 1/2-1/2

[Event "4th ch-EU"]
[Site "Liverpool ENG"]
[Date "2008.09.16"]
[Round "8"]
[White "Rudd,J"]
[Black "Gormally,D"]
[Result "1/2-1/2"]
[WhiteElo "2345"]
[BlackElo "2504"]
[EventDate "2008.09.09"]

1. Nf3 Nf6 2. c4 e6 3. Nc3 Bb4 4. Qc2 O-O 5. e4 d6 6. d4 e5 7. Bd3 Nc6 8.
d5 Ne7 9. O-O Bg4 10. Ne1 c6 11. f4 exf4 12. Bxf4 Nd7 13. Nf3 Ng6 14. Bg3
Nge5 15. Kh1 Rc8 16. Be2 Bxc3 17. Qxc3 cxd5 18. exd5 Bxf3 19. gxf3 b5 20.
b3 bxc4 21. bxc4 Nxc4 22. Bxc4 Nb6 23. Qa3 Nxc4 24. Qxa7 Qg5 25. Qd4 Ne3
26. Rg1 Nf5 27. Bf4 Nxd4 28. Rxg5 Nxf3 29. Rg3 Nd4 30. Bxd6 Nf5 31. Bxf8
Nxg3+ 32. hxg3 Kxf8 33. Rb1 Ra8 34. d6 Ke8 35. Re1+ Kd7 36. Re7+ Kxd6 37.
Rxf7 Rxa2 1/2-1/2

[Event "4th ch-EU"]
[Site "Liverpool ENG"]
[Date "2008.09.16"]
[Round "8"]
[White "Rausis,I"]
[Black "White,Mi"]
[Result "1-0"]
[WhiteElo "2486"]
[BlackElo "2289"]
[EventDate "2008.09.09"]

1. g3 e5 2. c4 Nf6 3. Bg2 d5 4. cxd5 Nxd5 5. Nc3 Nb6 6. Nf3 Nc6 7. Rb1 g6
8. d3 Bg7 9. Bg5 f6 10. Be3 O-O 11. b4 Be6 12. O-O Nd4 13. a4 a5 14. b5 Rf7
15. Nd2 Rb8 16. Nde4 Bf8 17. Bd2 h6 18. e3 Nf5 19. Qc2 Rd7 20. Rfd1 Ng7 21.
d4 Nc4 22. dxe5 Nxe5 23. Ne2 f5 24. Bc3 Ng4 25. Nd2 b6 26. Nd4 Qg5 27. N2f3
Qh5 28. Nxe6 Rxd1+ 29. Rxd1 Nxe6 30. Qb3 Kf7 31. Rd7+ Be7 32. Nd4 1-0

[Event "4th ch-EU"]
[Site "Liverpool ENG"]
[Date "2008.09.16"]
[Round "8"]
[White "Bitalzadeh,A"]
[Black "Shaw,J"]
[Result "0-1"]
[WhiteElo "2310"]
[BlackElo "2469"]
[EventDate "2008.09.09"]

1. c4 e5 2. g3 Nf6 3. Bg2 c6 4. d4 Bb4+ 5. Bd2 Bxd2+ 6. Qxd2 d6 7. Nc3 O-O
8. d5 cxd5 9. cxd5 Nbd7 10. e4 a5 11. a4 Nc5 12. Rb1 Qb6 13. b3 Ng4 14. Nh3
f5 15. O-O h6 16. Kh1 Nf6 17. f3 fxe4 18. fxe4 Bd7 19. Nf2 Rac8 20. Ne2 Ng4
21. Nxg4 Bxg4 22. Nc3 Qb4 23. Qe3 Rxf1+ 24. Bxf1 Nd7 25. Nb5 Nf6 26. Bg2
Bd7 27. Qe1 Qxe1+ 28. Rxe1 Bxb5 29. axb5 Rc3 30. Rb1 b6 31. Kg1 Rc5 32. Kf2
Rxb5 33. Rc1 Rxb3 34. Rc6 Ng4+ 35. Ke1 Rb1+ 36. Kd2 Rb2+ 37. Kd3 Rxg2 38.
Rxb6 a4 39. Rxd6 a3 40. Ra6 a2 41. Kc4 Nf6 0-1

[Event "4th ch-EU"]
[Site "Liverpool ENG"]
[Date "2008.09.16"]
[Round "8"]
[White "Pileckis,E"]
[Black "Fowler,S"]
[Result "1-0"]
[WhiteElo "2443"]
[BlackElo "2256"]
[EventDate "2008.09.09"]

1. d4 d5 2. c4 e6 3. Nf3 c6 4. e3 Bd6 5. Nc3 f5 6. Ne5 Nf6 7. f4 O-O 8. Be2
b6 9. O-O Bb7 10. Bd2 c5 11. Bf3 Ne4 12. Bxe4 dxe4 13. Nb5 cxd4 14. Nxd4
Qc8 15. Rc1 Ba6 16. Qb3 Bxe5 17. fxe5 Nc6 18. Bb4 Nxb4 19. Qxb4 Kf7 20. Qa3
Rd8 21. Rf2 b5 22. c5 Rd5 23. c6 Rb8 24. Rxf5+ exf5 25. Qb3 1-0

[Event "4th ch-EU"]
[Site "Liverpool ENG"]
[Date "2008.09.16"]
[Round "8"]
[White "Horner,J"]
[Black "Limontaite,S"]
[Result "0-1"]
[WhiteElo "2372"]
[BlackElo "2200"]
[EventDate "2008.09.09"]

1. e4 c5 2. Nf3 Nc6 3. Bc4 e5 4. Nc3 Be7 5. O-O Nf6 6. d3 O-O 7. a4 d6 8.
Bg5 Kh8 9. h3 Rb8 10. Be3 Ne8 11. Nd2 f5 12. f4 Nc7 13. Nd5 Nxd5 14. Bxd5
Bf6 15. c3 Ne7 16. Bc4 b6 17. Nf3 Ng6 18. fxe5 dxe5 19. exf5 Bxf5 20. Qd2
Qd7 21. Ng5 Bxg5 22. Bxg5 h6 23. Be3 Rbd8 24. Rad1 Kh7 25. b3 Be6 26. Rxf8
Rxf8 27. Qc2 Bxh3 28. gxh3 Qxh3 29. Qe2 Qg3+ 30. Kh1 Rf3 31. Rg1 Qh4+ 32.
Qh2 Rh3 33. Rg2 Rxh2+ 34. Rxh2 Qe1+ 0-1

[Event "4th ch-EU"]
[Site "Liverpool ENG"]
[Date "2008.09.16"]
[Round "8"]
[White "Constantinou,Pe"]
[Black "Astaneh Lopez,A"]
[Result "0-1"]
[WhiteElo "2225"]
[BlackElo "2357"]
[EventDate "2008.09.09"]

1. d4 Nf6 2. Bf4 g6 3. Nf3 Bg7 4. e3 d6 5. h3 O-O 6. Be2 c5 7. c3 b6 8. O-O
Bb7 9. Nbd2 Nbd7 10. Qb1 e5 11. Bh2 e4 12. Ne1 d5 13. a4 Nh5 14. a5 f5 15.
b4 c4 16. axb6 axb6 17. Rxa8 Qxa8 18. Bxh5 gxh5 19. Nc2 b5 20. Qa1 Nb6 21.
Qxa8 Rxa8 22. Ra1 Na4 23. Ra3 Kf7 24. Bf4 Bf6 25. Kh2 h4 26. Nb1 Bc6 27.
Ne1 Be7 28. Nc2 Ke6 29. Kg1 Be8 30. Ra2 Kd7 31. f3 Bh5 32. Kf2 Kc6 33. Ne1
Rg8 34. Kf1 Bf7 35. Be5 Kb6 36. Rf2 Bg6 37. fxe4 f4 38. Bxf4 Bxe4 39. Nc2
Nb2 40. Nca3 Nd3 41. Ra2 Ra8 42. Rd2 Rf8 43. Kg1 Nxf4 44. exf4 Rxf4 45. Re2
Bd6 46. Nd2 Bf5 47. Nf3 Bxh3 48. Nxh4 Rxh4 49. gxh3 Rxh3 50. Re6 Kc6 51.
Kg2 Rh2+ 52. Kg1 Rh3 53. Kg2 Rg3+ 54. Kf2 Rg6 55. Re8 Rf6+ 56. Ke2 Rf7 57.
Ra8 Bc7 58. Re8 Bd6 59. Ra8 Re7+ 60. Kf3 Rf7+ 61. Ke2 Rb7 62. Rd8 Bc7 63.
Rf8 Bd6 64. Rd8 Rb8 65. Rxb8 Bxb8 66. Kf3 h5 67. Nc2 h4 68. Kg4 Bg3 69. Kh3
Kd7 70. Kg2 Bf4 71. Na3 Bd2 72. Nb1 Bc1 73. Kh3 Ke6 74. Kg4 h3 0-1

[Event "4th ch-EU"]
[Site "Liverpool ENG"]
[Date "2008.09.16"]
[Round "8"]
[White "Eggleston,D"]
[Black "Tebb,D"]
[Result "1-0"]
[WhiteElo "2372"]
[BlackElo "2215"]
[EventDate "2008.09.09"]

1. e4 c5 2. Nf3 d6 3. d4 cxd4 4. Nxd4 Nf6 5. Nc3 g6 6. Be3 a6 7. f3 b5 8.
g4 Bb7 9. g5 Nfd7 10. h4 h5 11. gxh6 Bxh6 12. Bxh6 Rxh6 13. Qd2 Rh7 14. f4
Nf6 15. Bg2 e5 16. Nde2 b4 17. Nd5 Bxd5 18. exd5 Qb6 19. fxe5 Ng4 20. O-O-O
Nxe5 21. Nd4 a5 22. h5 Rxh5 23. Rxh5 gxh5 24. Qg5 Qd8 25. Qg8+ Ke7 26. Qg5+
Ke8 27. Qxh5 Qf6 28. Rf1 Qg7 29. Ne6 Qg8 30. Nc7+ Kd8 31. Nxa8 Qxg2 32.
Qh8+ Kd7 33. Nb6+ Kc7 34. Qc8+ Kxb6 35. Qxb8+ Kc5 36. Qc7+ Kb5 37. Rd1 Qg5+
38. Kb1 Qg4 39. Rc1 Qd7 40. c4+ Ka6 41. Qxd7 Nxd7 42. Rf1 Ne5 43. c5 dxc5
44. Rf5 Nc4 45. d6 Kb7 46. d7 1-0

[Event "4th ch-EU"]
[Site "Liverpool ENG"]
[Date "2008.09.16"]
[Round "8"]
[White "Motoc,A"]
[Black "O'Rourke,R"]
[Result "1-0"]
[WhiteElo "2303"]
[BlackElo "2062"]
[EventDate "2008.09.09"]

1. d4 Nf6 2. c4 g6 3. Nc3 Bg7 4. e4 d6 5. h3 O-O 6. Bg5 c6 7. Bd3 e5 8. d5
Na6 9. Nge2 Nc5 10. Bc2 cxd5 11. cxd5 h6 12. Be3 Nh5 13. Qd2 Kh7 14. g4 Nf6
15. b4 Na6 16. a3 Bxg4 17. hxg4 Nxg4 18. O-O-O Nxe3 19. Qxe3 h5 20. Kb2 Bh6
21. Qf3 Rc8 22. Rdg1 Qb6 23. Rxh5 Nxb4 24. axb4 Qxb4+ 25. Bb3 Kg7 26. Rxh6
Rh8 27. Rxh8 Rxh8 28. Ng3 Rh2 29. Rg2 Rxg2 30. Qxg2 b5 31. Qf1 a6 32. Qd3
Qc5 33. Qe3 Qc7 34. Qg5 f6 35. Nh5+ 1-0

[Event "4th ch-EU"]
[Site "Liverpool ENG"]
[Date "2008.09.16"]
[Round "8"]
[White "Surtees,M"]
[Black "Cruz Alvarez de Ron,D"]
[Result "0-1"]
[WhiteElo "2182"]
[BlackElo "2278"]
[EventDate "2008.09.09"]

1. e4 g6 2. d4 Bg7 3. c3 d6 4. f4 c6 5. a4 Qc7 6. Nf3 Nd7 7. Bd3 e5 8. O-O
Ngf6 9. fxe5 dxe5 10. a5 O-O 11. Nbd2 exd4 12. cxd4 Re8 13. e5 Nd5 14. Ne4
f6 15. Qb3 fxe5 16. Nfg5 Nf8 17. Bc4 Ne6 18. Nc5 Nxg5 19. Bxg5 Bf5 20.
Bxd5+ cxd5 21. Qxd5+ Kh8 22. Qxb7 Qxb7 23. Nxb7 h6 24. Bc1 exd4 25. Nd6 Re2
26. Ra3 Be6 27. Raf3 Bd5 28. R3f2 d3 29. Kh1 Bd4 30. Nf7+ Kh7 31. Rxe2 dxe2
32. Re1 Rf8 0-1

[Event "4th ch-EU"]
[Site "Liverpool ENG"]
[Date "2008.09.16"]
[Round "8"]
[White "Briscoe,C"]
[Black "James,Dav"]
[Result "1/2-1/2"]
[WhiteElo "2232"]
[BlackElo "2177"]
[EventDate "2008.09.09"]

1. e4 c5 2. Nf3 d6 3. Bb5+ Nd7 4. O-O Ngf6 5. d4 cxd4 6. Qxd4 a6 7. Bxd7+
Bxd7 8. Bg5 e6 9. Nbd2 Bc6 10. Rfd1 Be7 11. e5 1/2-1/2

[Event "4th ch-EU"]
[Site "Liverpool ENG"]
[Date "2008.09.16"]
[Round "8"]
[White "Yeo,M"]
[Black "Houska,Jo"]
[Result "0-1"]
[WhiteElo "2110"]
[BlackElo "2405"]
[EventDate "2008.09.09"]

1. e4 c6 2. d4 d5 3. e5 Bf5 4. Nc3 a6 5. Nce2 e6 6. Ng3 Bg6 7. h4 h6 8. h5
Bh7 9. Bd3 Bxd3 10. Qxd3 c5 11. dxc5 Nd7 12. Nf3 Qc7 13. Be3 Bxc5 14. Bxc5
Qxc5 15. O-O-O O-O-O 16. Rhe1 Ne7 17. Nd4 Kb8 18. f4 g6 19. hxg6 Nxg6 20.
Nxe6 fxe6 21. Qxg6 Rhg8 22. Qxe6 Rxg3 23. Rxd5 Qc4 24. Qd6+ Ka7 25. Rd4
Qxa2 26. e6 Qa1+ 27. Kd2 Rxg2+ 28. Re2 Rg1 29. exd7 Qd1+ 30. Kc3 Qxe2 31.
Qc5+ Kb8 32. Qd6+ Ka8 33. Rc4 Qe3+ 34. Kb4 Rgg8 35. f5 Ka7 36. Rd4 Rg7 37.
Qc5+ Kb8 38. Qd6+ Ka8 0-1

[Event "4th ch-EU"]
[Site "Liverpool ENG"]
[Date "2008.09.16"]
[Round "8"]
[White "Garcia Castro,P"]
[Black "Lam,P"]
[Result "1-0"]
[WhiteElo "2390"]
[BlackElo "2104"]
[EventDate "2008.09.09"]

1. Nf3 Nf6 2. g3 g6 3. Bg2 Bg7 4. d3 O-O 5. e4 d6 6. O-O Nc6 7. c3 e5 8. b4
b6 9. Nbd2 Be6 10. d4 exd4 11. Nxd4 Nxd4 12. cxd4 Qd7 13. Re1 Bh3 14. Bh1
Qb5 15. Rb1 Ng4 16. Nb3 f5 17. f3 Nf6 18. e5 dxe5 19. dxe5 Rad8 20. Nd4 Qd5
21. Be3 Qxe5 22. Bf2 Qd5 23. Ne6 Qxd1 24. Rbxd1 Rxd1 25. Rxd1 f4 26. Nxf8
Bxf8 27. a3 Bd6 28. gxf4 Nh5 29. Be3 Nxf4 30. Rxd6 cxd6 31. Bxf4 d5 32. Kf2
Kg7 33. Ke3 g5 34. Bb8 Kf6 35. Kd4 Be6 36. Bxa7 Kf5 37. a4 Bd7 38. b5 1-0

[Event "4th ch-EU"]
[Site "Liverpool ENG"]
[Date "2008.09.16"]
[Round "8"]
[White "Radovanovic,J"]
[Black "Peacock,M"]
[Result "1-0"]
[WhiteElo "2325"]
[BlackElo "2101"]
[EventDate "2008.09.09"]

1. e4 e6 2. d4 d5 3. Nd2 Nf6 4. e5 Nfd7 5. c3 c5 6. Bd3 b6 7. Nh3 Ba6 8.
Bxa6 Nxa6 9. O-O Qc8 10. a3 c4 11. f4 f5 12. exf6 Nxf6 13. Qa4+ Kf7 14.
Ng5+ Kg8 15. Re1 b5 16. Qxb5 Rb8 17. Qa4 Rb6 18. Ndf3 h6 19. Nh3 Bd6 20.
Qc2 Qe8 21. Nf2 g6 22. Bd2 Kg7 23. Ne5 Nd7 24. Re3 Bxe5 25. fxe5 Qb8 26.
Rg3 Nf8 27. Rb1 Nc7 28. Nh3 Rg8 29. Nf4 Kf7 30. Rf1 Rxb2 31. Nd3+ 1-0

[Event "4th ch-EU"]
[Site "Liverpool ENG"]
[Date "2008.09.16"]
[Round "8"]
[White "Kett,T"]
[Black "Wilson,A"]
[Result "1-0"]
[WhiteElo "2247"]
[BlackElo "2059"]
[EventDate "2008.09.09"]

1. e4 e6 2. d4 b6 3. Nf3 Bb7 4. Bd3 d6 5. O-O Nd7 6. Nc3 Ne7 7. Re1 g6 8.
e5 d5 9. a4 a6 10. Ne2 Bg7 11. Bf4 O-O 12. Qd2 c5 13. c3 c4 14. Bc2 b5 15.
Bh6 Nc6 16. axb5 axb5 17. Rxa8 Qxa8 18. Ng3 Qd8 19. Qe3 b4 20. h4 b3 21.
Bb1 f6 22. exf6 Bxh6 23. Qxh6 Nxf6 24. Ng5 Qd7 25. f3 Nd8 26. h5 Qg7 27.
Qxg7+ Kxg7 28. hxg6 hxg6 29. Nxe6+ Nxe6 30. Rxe6 Re8 31. Rxe8 Nxe8 32. Kf2
Kf6 33. Ke3 Bc8 34. Ne2 Be6 35. g4 Nd6 36. Nf4 Bf7 37. Nh3 Be6 38. Kf4 Nb5
39. g5+ Kf7 40. Nf2 Bf5 41. Bxf5 gxf5 42. Nd1 Kg6 43. Ke5 Kxg5 44. Kxd5 Kf4
45. Kxc4 Nd6+ 46. Kd5 Ne8 47. c4 Kxf3 48. Ke5 Ke2 49. Nc3+ Kd3 50. c5 Kc4
51. Ne2 Nc7 52. Kxf5 Kd5 53. Kf4 Ne6+ 54. Ke3 Nc7 55. Kd3 Nb5 56. Nc3+ 1-0